MARC details
| 000 -CABECERA |
| campo de control de longitud fija |
01492nam a2200217 a 4500 |
| 001 - NÚMERO DE CONTROL |
| campo de control |
000042012 |
| 005 - FECHA Y HORA DE LA ÚLTIMA TRANSACCIÓN |
| campo de control |
20201002035902.0 |
| 008 - DATOS DE LONGITUD FIJA--INFORMACIÓN GENERAL |
| campo de control de longitud fija |
131030s2000 sp ab 000 0 spa d |
| 020 ## - NÚMERO INTERNACIONAL ESTÁNDAR DEL LIBRO |
| Número Internacional Estándar del Libro |
8400078675 |
| 040 ## - FUENTE DE LA CATALOGACIÓN |
| Centro catalogador/agencia de origen |
DO-SdBNP |
| Lengua de catalogación |
spa |
| Centro/agencia transcriptor |
BNPHU |
| 082 ## - NÚMERO DE LA CLASIFICACIÓN DECIMAL DEWEY |
| Número de clasificación |
xxx |
| Número de documento/Ítem |
xxx |
| 245 00 - MENCIÓN DE TÍTULO |
| Título |
El Septentrión Novohispano : |
| Resto del título |
ecohistoria, sociedades e imágenes de frontera / |
| Mención de responsabilidad, etc. |
Salvador Bernabéu Albert (editor). |
| 260 ## - PUBLICACIÓN, DISTRIBUCIÓN, ETC. |
| Lugar de publicación, distribución, etc. |
Madrid : |
| Nombre del editor, distribuidor, etc. |
Consejo Superior de Investigaciones Científicas, |
| Fecha de publicación, distribución, etc. |
2000. |
| 300 ## - DESCRIPCIÓN FÍSICA |
| Extensión |
196 p. : |
| Otras características físicas |
il., mapas ; |
| Dimensiones |
24 cm. |
| 490 1# - MENCIÓN DE SERIE |
| Mención de serie |
Tierra nueva e cielo nuevo |
| Designación de volumen o secuencia |
39 |
| 500 ## - NOTA GENERAL |
| Nota general |
Incluye referencias bibliográficas y notas al pie de las páginas. |
| 504 ## - NOTA DE BIBLIOGRAFÍA, ETC. |
| Nota de bibliografía, etc. |
Bibliografía: p. 192-196 |
| 505 2# - NOTA DE CONTENIDO CON FORMATO |
| Título |
Tres modelos para el análisis histórico de las relaciones hombre/espacio en Sudcalifornia (1500-1940) |
| Mención de responsabilidad |
M. Micheline Cariño |
| Título |
De la Nueva Galicia al Nuevo México : por el Camino Real de tierra adentro |
| Mención de responsabilidad |
Chantal Cramaussel |
| Título |
Colonización agrícola y colonización minera : la región de Chihuahua durante la primera mitad del Siglo XVIII |
| Mención de responsabilidad |
Salvador Álvarez |
| Título |
Los grupos de poder en la creación del Nuevo Santander (1747-1766) |
| Mención de responsabilidad |
Patricia Osante |
| Título |
Ross : la colonización rusa frente a la española |
| Mención de responsabilidad |
Martha Ortega |
| Título |
El diablo en California : recepción y decadencia del maligno en el discuro misional jesuita |
| Mención de responsabilidad |
Salvador Bernabéu Albert |
| Título |
La idea de las Spanish borderlands |
| Mención de responsabilidad |
David J. Weber. |
| 700 12 - PUNTO DE ACCESO ADICIONAL--NOMBRE DE PERSONA |
| Nombre de persona |
Salvador Bernabeu Albert |
| Término indicativo de función/relación |
ed. |
| 9 (RLIN) |
68960 |
| 830 #0 - PUNTO DE ACCESO ADICIONAL DE SERIE-TÍTULO UNIFORME |
| Título uniforme |
Tierra nueva e cielo nuevo |
| Designación de volumen o secuencia |
39 |
| 9 (RLIN) |
15388 |